00865cam a2200265 i 45000010008000000030004000080050017000120080041000290100017000700200015000870400018001020420009001200500026001291000031001552450034001862600033002203000026002535210007002795260008002866500033002946500023003276510060003508560085004108560104004951337891OSt20140310184248.0791213s1980 mau j 000 1 eng  a 79028394  a0590446517 aDLCcDLCdDLC alcac00aPZ 7 b.Od237Sar 19801 aO'Dell, Scott,d1898-1989.10aSarah Bishop /cScott O'Dell. aNew yorkbScholasticsc1980. avii, 184 p. ;c22 cm. aG5 c760 1aAmerican loyalistsxFiction. 1aSurvivalxFiction. 1aUnited StatesxHistoryyRevolution, 1775-1783xFiction.423Publisher descriptionuhttp://www.loc.gov/catdir/description/hm021/79028394.html423Contributor biographical informationuhttp://www.loc.gov/catdir/enhancements/fy0737/79028394-b.html